| 000 | 00500nam a2200217Ia 4500 | ||
|---|---|---|---|
| 008 | 210210b1930 xxu||||| |||| 00| 0 eng d | ||
| 041 | _aeng | ||
| 082 | _a954/545 | ||
| 100 | _a- | ||
| 245 | _aIndian statutary commission Vol I survey | ||
| 260 |
_aLondon _bHer Majestys Stationary Office _c1930 |
||
| 300 | _a409 | ||
| 650 | _aVol | ||
| 650 | _asurvey | ||
| 650 | _astatutary | ||
| 650 | _aIndian | ||
| 650 | _aI | ||
| 650 | _acommission | ||
| 690 | _aIndian History | ||
| 906 | _a000244 | ||
| 999 |
_c121024 _d121024 |
||